Κριτική του άδολου λογισμού

Αποθηκεύτηκε σε:
Λεπτομέρειες βιβλιογραφικής εγγραφής
Κύριος συγγραφέας: Kant, Immanuel, 1724-1804
Άλλοι συγγραφείς: Μαρκέτη, Γ. (Μεταφραστής), Πάλλη, Α. (Μεταφραστής)
Μορφή: Βιβλίο
Γλώσσα:Greek
Δημοσίευση: Αθήνα : Ηριδανός,
Σειρά:Σπουδές στη φιλοσοφία
Θέματα:
Ετικέτες: Προσθήκη ετικέτας
Δεν υπάρχουν, Καταχωρήστε ετικέτα πρώτοι!

MARC

LEADER 00000nam a2200000 i 4500
001 1/105228
008 950609s gre d
035 |l 10013582 
040 |a GR-MY-UA  |b gre  |e aacr 
041 0 |a gre 
082 0 |a 142.3 
100 1 |a Kant, Immanuel,   |d 1724-1804. 
245 1 0 |a Κριτική του άδολου λογισμού /  |c Εμμανουέλ Κάντ ; Μετάφραση Γ. Μαρκέτη και Α. Πάλλη 
260 |a Αθήνα :   |b Ηριδανός,  
300 |a 69 σ. 
490 1 |a Σπουδές στη φιλοσοφία 
650 0 0 |a Philosophy, German  |y 18th century. 
700 1 |a Μαρκέτη, Γ.  |4 trl 
700 1 |a Πάλλη, Α.  |4 trl 
830 0 |a Σπουδές στη φιλοσοφία 
852 |a INST  |b LESVOS  |e 19950609  |h 142.3 KAN  |p 005100003877  |q 005100003877  |t BK  |y 0 
909 |a Λ  |b 026343